000 00229 a2200097 4500
020 _a999248635X
041 _aspa
100 _aMecd
245 _aGuia didactica sobre los derechos humanos de la ninez y la adolecencia
942 _cBK
999 _c12580
_d12580